000 00377 a2200109 4500
001 ART_16204
005 20260410161853.0
008 260409a
245 1 0 _aAntirrealismo moral vs. positivismo jurídico
100 1 _aArena, Federico José
773 0 _tFilosofía del derecho
_gCuestiones epistemológica y normativas - Año I, Nº 2 (dic. 2012)
_wREV10449
999 _c25189
_d25189